000 00957nam a22002537a 4500
003 BPGM
008 260626d1997 mx abo|g |||| 001 0 spa d
020 _a968-7377-19-4
040 _bspa
041 _aspa
_hspa
082 0 4 _a972.451
_bL62
100 _9LOARCA CASTILLO, EDUARDO
_eAUTOR
245 _aMUNICIPIO DE QUERETARO
250 _aPRIMERA EDICION
_b1997
260 _aMEXICO
_bGOBIERNO DEL ESTADO DE QUERETARO
_c1997
300 _a94 paginas
_c21.2 cm x 14 cm
336 _2rdacontent
_atexto
_btxt
337 _2rdamedia
_asin mediación
_bn
338 _2rdacarrier
_avolumen
_bnc
490 0 _aVOL. 14
505 _aEs una obra histórica y cultural que recorre la evolución del municipio desde la época prehispánica hasta el siglo XX, resaltando personajes, tradiciones y monumentos emblemáticos.
650 _aGEO0GRAFÍA E HISTORIA
_vHISTORIA GENERAL DE AMÉRICA DEL NORTE
_xMESOAMÉRICA (AMÉRICA MEDIA)MÉXICO
942 _2ddc
_cCOLQ
999 _c68678
_d68678